Objavovanie znalostí na základe používania webu-metódy a aplikácie

Postupy riešenia problémov z oblasti objavovania znalostí na základe používania webu. Data mining. Aplikácie sekvenčnej analýzy. Charakteristiky a rozbor asociačných pravidiel z matematického hľadiska. Sekvenčné pravidlá. Adaptívne hypermediálne systémy.

Saved in:
Bibliographic Details
Main Author: Munk, Michal
Format: Book Chapter
Language:Slovak
Subjects:
Tags: Add Tag
No Tags, Be the first to tag this record!

MARC

LEADER 00000naa$a2200000$$$4500
001 0093400
005 20221020080649.7
041 0 |a slo 
044 |a SK 
245 1 0 |a Objavovanie znalostí na základe používania webu-metódy a aplikácie  |c Michal Munk 
520 |a Postupy riešenia problémov z oblasti objavovania znalostí na základe používania webu. Data mining. Aplikácie sekvenčnej analýzy. Charakteristiky a rozbor asociačných pravidiel z matematického hľadiska. Sekvenčné pravidlá. Adaptívne hypermediálne systémy. 
610 2 0 |a internet 
610 2 0 |a analýza zhluková 
610 2 0 |a analýzy 
610 2 0 |a dáta 
610 2 0 |a získavanie informácií 
610 2 0 |a metódy štatistické 
610 2 0 |a štatistika 
100 1 |a Munk, Michal